|
|
|
|
| LEADER |
00920cam a2200253 7i4500 |
| 001 |
0000060572 |
| 005 |
20220720090000.0 |
| 020 |
|
|
|a 9781292162232 (electronic book)
|
| 090 |
0 |
0 |
|a S591
|b .W45 2017
|
| 100 |
1 |
|
|a Weil, Ray R
|
| 245 |
1 |
4 |
|a The nature and properties of soils
|c Ray R. Weil, Nyle C. Brady.
|
| 250 |
|
|
|a Fifteenth edition.
|
| 300 |
|
|
|a 1 online resource (1104 pages):
|b illustrations, text file, PDF.
|
| 336 |
|
|
|a text
|2 rdacontent
|
| 337 |
|
|
|a computer
|2 rdamedia
|
| 338 |
|
|
|a online resource
|2 rdacarrier
|
| 650 |
|
0 |
|a Soil science
|
| 650 |
|
0 |
|a Soil structure
|
| 655 |
|
0 |
|a Electronic books
|
| 700 |
1 |
|
|a Brady, Nyle C.
|
| 856 |
4 |
2 |
|u http://library.unisel.edu.my/web/guest/mylibrary
|
| 997 |
|
|
|a Engineering & Life Sciences, Faculty
|b Science & Biotechnology, Department
|
| 998 |
|
|
|a Environmental Science (Biodiversity & Conservation), Degree
|
| 999 |
|
|
|a EBO0013482
|b EBOOK
|c EBOOK
|e Electronic resources
|